<?xml version="1.0" encoding="UTF-8"?>
<record
    xmlns:xsi="http://www.w3.org/2001/XMLSchema-instance"
    xsi:schemaLocation="http://www.loc.gov/MARC21/slim http://www.loc.gov/standards/marcxml/schema/MARC21slim.xsd"
    xmlns="http://www.loc.gov/MARC21/slim">

  <leader>00910nam a22002297a 4500</leader>
  <controlfield tag="001">47257</controlfield>
  <controlfield tag="003">BD-RjUL</controlfield>
  <controlfield tag="005">20211209054302.0</controlfield>
  <controlfield tag="008">160807s2006    bg ||||| |||| 00| 0 ben d</controlfield>
  <datafield tag="020" ind1=" " ind2=" ">
    <subfield code="a">9848203447</subfield>
  </datafield>
  <datafield tag="035" ind1=" " ind2=" ">
    <subfield code="a">(BD-RjUL)47376</subfield>
  </datafield>
  <datafield tag="040" ind1=" " ind2=" ">
    <subfield code="a">BD-RjUL</subfield>
    <subfield code="b">ben</subfield>
    <subfield code="c">BD-RjUL</subfield>
    <subfield code="d">BD-RjUL</subfield>
  </datafield>
  <datafield tag="041" ind1=" " ind2=" ">
    <subfield code="a">ben</subfield>
  </datafield>
  <datafield tag="082" ind1=" " ind2=" ">
    <subfield code="a">368.32</subfield>
    <subfield code="2">23</subfield>
    <subfield code="b">ALI 2006</subfield>
  </datafield>
  <datafield tag="100" ind1=" " ind2=" ">
    <subfield code="a">&#x986;&#x9B2;&#x9C0;, &#x995;&#x9BE;&#x99C;&#x9C0; &#x9AE;&#x9CB;&#x983; &#x9AE;&#x9CB;&#x9CD;&#x9B0;&#x9A4;&#x9C1;&#x99C;&#x9BE;</subfield>
    <subfield code="9">143861</subfield>
  </datafield>
  <datafield tag="245" ind1="1" ind2="0">
    <subfield code="a">&#x987;&#x9B8;&#x9B2;&#x9BE;&#x9AE;&#x9C0; &#x99C;&#x9C0;&#x9AC;&#x9A8;&#x9AC;&#x9C0;&#x9AE;&#x9BE; :</subfield>
    <subfield code="b">&#x9AC;&#x9B0;&#x9CD;&#x9A4;&#x9AE;&#x9BE;&#x9A8; &#x9AA;&#x9CD;&#x9B0;&#x9C7;&#x995;&#x9CD;&#x9B7;&#x9BF;&#x9A4; /</subfield>
    <subfield code="c">&#x995;&#x9BE;&#x99C;&#x9C0; &#x9AE;&#x9CB;&#x983; &#x9AE;&#x9CB;&#x9CD;&#x9B0;&#x9A4;&#x9C1;&#x99C;&#x9BE; &#x986;&#x9B2;&#x9C0;</subfield>
  </datafield>
  <datafield tag="260" ind1=" " ind2=" ">
    <subfield code="a">&#x9A2;&#x9BE;&#x995;&#x9BE; :</subfield>
    <subfield code="b">&#x9AC;&#x9BE;&#x982;&#x9B2;&#x9BE;&#x9A6;&#x9C7;&#x9B6; &#x987;&#x9A8;&#x9B8;&#x9CD;&#x99F;&#x9BF;&#x99F;&#x9BF;&#x989;&#x99F; &#x985;&#x9AC; &#x987;&#x9B8;&#x9B2;&#x9BE;&#x9AE;&#x9BF;&#x995; &#x9A5;&#x9CD;&#x9AF;&#x99F;,</subfield>
    <subfield code="c">&#x9E8;&#x9E6;&#x9E6;&#x9EC;</subfield>
  </datafield>
  <datafield tag="300" ind1=" " ind2=" ">
    <subfield code="a">&#x9E8;&#x9E8;&#x9E8; &#x9AA;&#x9C3;. ;</subfield>
    <subfield code="c">&#x9E8;&#x9E7; &#x9B8;&#x9C7;&#x9AE;&#x9BF;. </subfield>
  </datafield>
  <datafield tag="650" ind1=" " ind2=" ">
    <subfield code="a">&#x99C;&#x9C0;&#x9AC;&#x9A8;&#x9AC;&#x9C0;&#x9AE;&#x9BE;</subfield>
    <subfield code="9">143862</subfield>
  </datafield>
  <datafield tag="650" ind1=" " ind2=" ">
    <subfield code="a">Life insurance</subfield>
    <subfield code="9">142197</subfield>
  </datafield>
  <datafield tag="942" ind1=" " ind2=" ">
    <subfield code="2">ddc</subfield>
    <subfield code="c">BK</subfield>
  </datafield>
  <datafield tag="999" ind1=" " ind2=" ">
    <subfield code="c">47257</subfield>
    <subfield code="d">47257</subfield>
  </datafield>
  <datafield tag="952" ind1=" " ind2=" ">
    <subfield code="0">0</subfield>
    <subfield code="1">0</subfield>
    <subfield code="2">ddc</subfield>
    <subfield code="4">0</subfield>
    <subfield code="7">0</subfield>
    <subfield code="8">NFIC</subfield>
    <subfield code="a">RUCL</subfield>
    <subfield code="b">RUCL</subfield>
    <subfield code="c">Stack</subfield>
    <subfield code="d">2007-06-11</subfield>
    <subfield code="e">anudan</subfield>
    <subfield code="l">0</subfield>
    <subfield code="o">B 368.32 ALI 2006</subfield>
    <subfield code="r">2016-08-07 00:00:00</subfield>
    <subfield code="t">C-2</subfield>
    <subfield code="w">2016-08-07</subfield>
    <subfield code="y">BK</subfield>
  </datafield>
  <datafield tag="952" ind1=" " ind2=" ">
    <subfield code="0">0</subfield>
    <subfield code="1">0</subfield>
    <subfield code="2">ddc</subfield>
    <subfield code="4">0</subfield>
    <subfield code="7">1</subfield>
    <subfield code="8">NFIC</subfield>
    <subfield code="a">RUCL</subfield>
    <subfield code="b">RUCL</subfield>
    <subfield code="c">Reading</subfield>
    <subfield code="d">2006-09-24</subfield>
    <subfield code="e">Gift</subfield>
    <subfield code="l">0</subfield>
    <subfield code="o">B 368.32 ALI 2006</subfield>
    <subfield code="r">2016-12-26 00:00:00</subfield>
    <subfield code="t">C-1</subfield>
    <subfield code="w">2016-12-26</subfield>
    <subfield code="y">BK</subfield>
  </datafield>
</record>
